An introduction to operating system , including case studies in unix, os/2 ms/dos macintosh vm mvs opm system (Record no. 574522)

000 -LEADER
fixed length control field 00543nam a22001817a 4500
003 - CONTROL NUMBER IDENTIFIER
control field CEME
005 - DATE AND TIME OF LATEST TRANSACTION
control field 20210628203621.0
008 - FIXED-LENGTH DATA ELEMENTS--GENERAL INFORMATION
fixed length control field 210317b xxu||||| |||| 00| 0 eng d
020 ## - INTERNATIONAL STANDARD BOOK NUMBER
International Standard Book Number 0-201-18038-3
040 ## - CATALOGING SOURCE
Transcribing agency .
082 ## - DEWEY DECIMAL CLASSIFICATION NUMBER
Classification number 005.43 DEI'I
100 ## - MAIN ENTRY--PERSONAL NAME
Personal name Deitel, H.M
9 (RLIN) 66569
245 ## - TITLE STATEMENT
Title An introduction to operating system , including case studies in unix, os/2 ms/dos macintosh vm mvs opm system
260 ## - PUBLICATION, DISTRIBUTION, ETC.
Place of publication, distribution, etc. NEWYORK
Name of publisher, distributor, etc. ADDISON WESLEY
Date of publication, distribution, etc. 1990
300 ## - PHYSICAL DESCRIPTION
Extent XXVII, 8539
650 ## - SUBJECT ADDED ENTRY--TOPICAL TERM
Topical term or geographic name entry element OPERATING SYSTEM (COMPUTER)
9 (RLIN) 66570
942 ## - ADDED ENTRY ELEMENTS (KOHA)
Koha item type Book
Source of classification or shelving scheme
Holdings
Withdrawn status Lost status Damaged status Not for loan Permanent Location Current Location Shelving location Date acquired Total Checkouts Full call number Barcode Date last seen Price effective from Koha item type
        College of Electrical & Mechanical Engineering (CEME) College of Electrical & Mechanical Engineering (CEME) General Stacks 07/31/2017   005.43 DEI'I CEME-28748 06/28/2021 06/28/2021 Book
© 2023 Central Library, National University of Sciences and Technology. All Rights Reserved.